| 000 | 00492 a2200181 4500 | ||
|---|---|---|---|
| 999 |
_c28832 _d28832 |
||
| 003 | NUST | ||
| 005 | 20180117150538.0 | ||
| 008 | 180117b xxu||||| |||| 00| 0 eng d | ||
| 020 | _a0201529831 | ||
| 020 | _a9780201529838 | ||
| 040 | _cNUST | ||
| 082 | 0 | 4 | _a686.22544536 |
| 100 | 1 |
_aLamport, Leslie. _98564 |
|
| 245 | 1 | 0 |
_aLatex : _ba document preparation system / _cLeslie Lamport. |
| 250 | _a2nd ed. | ||
| 260 |
_a[S.l.] : _bAddison-Wesley Professional, _c1994. |
||
| 300 |
_a288 p. ; _c24 cm. |
||
| 490 | 1 | _a2nd edition. | |
| 830 | 0 |
_a2nd edition. _98517 |
|
| 942 |
_aSNS _cBK _k686.22544536 LAM _2ddc |
||